000 nam a22 a 4500
999 _c474651
_d474651
003 BLK
005 20220930093050.0
008 180411b bul|||||r ||||||| ||bul||
040 _aBLK
041 _aDEU
_cDEU
080 _aИкономическо положение. Икономическа политика. Управление. Планиране. Производство. Услуги. Цени
_b338
_x(497.2)
_z338(497.2)
100 _aBakardziev, Petar
_eпърви автор
_9479604
139 _aBakardziev, Petar
245 _aNationaleinkommen und Lebensstandard
_b[Очерк]
_cPeter Bakardshiev ; прев. от бълг.
257 _aBGR
260 _aSofia
_bSofia-Press
_c1974
_9217007
300 _a48 с.
_bс ил.
_c20 см
380 _a3
490 _9479637
_a30 Jahre seit der sozialistischen Revolution in Bulgarien
500 _aПрев. е направен от ръкоп.
650 0 _aИкономика - България
_9277745
700 1 _aБакърджиев, Петър
_935722
852 _aЦб 72038
_bЦб
942 _cKNG
_n0
_s1
944 _aCR
_kКети